000 00298cam a2200121ua 4500
999 _c6933
_d6933
003 OSt
008 180914b ||||| |||| 00| 0 eng d
082 _a631.47
_bOXF/SO
245 _aSoil survey manual
260 _aNew Delhi :
_bOxford & IBH Book Company ,
_c1966.
300 _a503 ; .
942 _cBK